| 000 | 00702nam a22002172 4500 | ||
|---|---|---|---|
| 001 | 0000000052 | ||
| 005 | 20151217151743.0 | ||
| 008 | 070109s xx 000 0 eng d | ||
| 020 |
_a0805820930 : _cGBP 59.95 |
||
| 040 |
_aKABU _cKABU |
||
| 100 | 1 |
_aCliff, Norman. _@0000148025 |
|
| 245 | 1 | 0 |
_aOrdinal measurement in the behavioural sciences / _cNorman Cliff, John A. Keats. |
| 260 |
_aLondon : _bLEA, _c2003. |
||
| 300 | _ax, 230 p. | ||
| 650 | 0 |
_aPsychology _xMathematical models. _@0000148026 |
|
| 650 | 0 |
_aPsychological tests _xStatistical methods. _@0000148027 |
|
| 700 | 1 |
_aKeats, John A. _@0000148028 |
|
| 908 | _a070109 | ||
| 950 | _@1 | ||
| 999 |
_c4700 _d4700 |
||